000 00454nam a2200169Ia 4500
001 19436
008 140407s9999 xx 000 0 und d
020 _a1-56821-594-0
040 _cPK-LaUMT
082 _a 158.1
_bDAV-T
100 _aTodd Davision
245 _aTrust the force:
_bChange your life through attitudinal healing.
_cTodd Davision
260 _aNorthvale,UK:
_bJason Aronson Inc.,
_c1995
300 _a300 p.
546 _aEN
942 _cBK
999 _c19812
_d19812